[Event "26th Abu Dhabi Master 2019"]
[Site "Abu Dhabi"]
[Date "2019.08.08"]
[Round "7.5"]
[White "Bartel, Mateusz"]
[Black "Vaibhav, Suri"]
[Result "1-0"]
[WhiteElo "2600"]
[BlackElo "2591"]
[Annotator "ChessBase"]
[PlyCount "61"]
[EventDate "2019.08.02"]
[EventType "swiss"]
[EventCountry "UAE"]
[SourceTitle "playchess.com"]
[Source "ChessBase"]
[SourceQuality "1"]
[TimeControl "5400+30"]

1. d4 {[%emt 0:00:00]} Nf6 {[%emt 0:00:06]} 2. c4 {[%emt 0:00:00]} e6 {[%emt 0:00:05]} 3. Nc3 {[%emt 0:00:00]} Bb4 {[%emt 0:00:07]} 4. Nf3 {[%emt 0:00:00]} b6 {[%emt 0:00:38]} 5. Bd2 {[%emt 0:00:06]} Bb7 {[%emt 0:00:12]} 6. e3 {[%emt 0:00:09]} O-O {[%emt 0:00:18]} 7. Bd3 {[%emt 0:00:05]} d5 {[%emt 0:00:10]} 8. cxd5 {[%emt 0:00:08]} exd5 {[%emt 0:00:08]} 9. Rc1 {[%emt 0:00:13]} Be7 {[%emt 0:02:06]} 10. O-O {[%emt 0:00:19]} c5 {[%emt 0:00:05]} 11. Ne5 {[%emt 0:08:01]} Nc6 {[%emt 0:00:24]} 12. Be1 {[%emt 0:03:15]} Bd6 {[%emt 0:00:34]} 13. f4 {[%emt 0:03:49]} cxd4 {[%emt 0:00:10]} 14. Nxc6 {[%emt 0:00:08]} Bxc6 {[%emt 0:00:05]} 15. exd4 {[%emt 0:00:50]} Be7 {[%emt 0:00:32]} 16. Bh4 {[%emt 0:05:10]} Qd6 {[%emt 0:02:34]} 17. a3 {[%emt 0:09:13]} Bd8 {[%emt 0:16:23]} 18. Bg3 {[%emt 0:07:45]} Ne4 {[%emt 0:13:26]} 19. Bxe4 {[%emt 0:00:25]} dxe4 {[%emt 0:00:04]} 20. f5 {[%emt 0:07:24]} Qd7 {[%emt 0:00:28]} 21. f6 {[%emt 0:01:16]} Re8 {[%emt 0:12:50]} 22. d5 {[%emt 0:09:09]} Bb7 {[%emt 0:00:49]} 23. Qh5 {[%emt 0:03:24]} gxf6 {[%emt 0:18:01]} 24. Rf5 {[%emt 0:02:36]} Kh8 {[%emt 0:06:24]} 25. Rcf1 {[%emt 0:02:12]} e3 {[%emt 0:03:40]} 26. Rxf6 {[%emt 0:05:49]} e2 {[%emt 0:05:42]} 27. Rxf7 {[%emt 0:00:36]} exf1=Q+ {[%emt 0:02:18]} 28. Kxf1 {[%emt 0:00:09]} Ba6+ {[%emt 0:01:02]} 29. Kg1 {[%emt 0:00:22]} Qxf7 {[%emt 0:00:05]} 30. Qxf7 {[%emt 0:00:05]} Bg5 {[%emt 0:00:03]} 31. Bf2 {[%emt 0:00:23]} 1-0

[Event "26th Abu Dhabi Master 2019"]
[Site "Abu Dhabi"]
[Date "2019.08.08"]
[Round "7.6"]
[White "Aravindh, Chithambaram VR."]
[Black "Yuffa, Daniil"]
[Result "1/2-1/2"]
[WhiteElo "2600"]
[BlackElo "2582"]
[Annotator "ChessBase"]
[PlyCount "127"]
[EventDate "2019.08.02"]
[EventType "swiss"]
[EventCountry "UAE"]
[SourceTitle "playchess.com"]
[Source "ChessBase"]
[SourceQuality "1"]
[TimeControl "5400+30"]

1. Nf3 {[%emt 0:00:00]} Nf6 {[%emt 0:00:09]} 2. g3 {[%emt 0:00:00]} c5 {[%emt 0:01:49]} 3. c4 {[%emt 0:00:00]} Nc6 {[%emt 0:00:49]} 4. Bg2 {[%emt 0:00:23]} g6 {[%emt 0:00:33]} 5. Nc3 {[%emt 0:00:27]} Bg7 {[%emt 0:00:07]} 6. d4 {[%emt 0:00:32]} cxd4 {[%emt 0:00:12]} 7. Nxd4 {[%emt 0:00:07]} O-O {[%emt 0:00:06]} 8. O-O {[%emt 0:00:07]} Qa5 {[%emt 0:00:03]} 9. e3 {[%emt 0:06:57]} d6 {[%emt 0:00:29]} 10. Bd2 {[%emt 0:03:13]} Bd7 {[%emt 0:14:02]} 11. Rc1 {[%emt 0:10:30]} Rfc8 {[%emt 0:03:07]} 12. Qe2 {[%emt 0:02:24]} Bg4 {[%emt 0:05:59]} 13. f3 {[%emt 0:02:07]} Bd7 {[%emt 0:02:08]} 14. b3 {[%emt 0:03:57]} a6 {[%emt 0:03:21]} 15. Nxc6 {[%emt 0:07:42]} Bxc6 {[%emt 0:03:05]} 16. e4 {[%emt 0:00:49]} Qa3 {[%emt 0:14:48]} 17. Rc2 {[%emt 0:07:13]} a5 {[%emt 0:12:41]} 18. Rb1 {[%emt 0:06:04]} Bd7 {[%emt 0:10:18]} 19. Be3 {[%emt 0:06:36]} Qb4 {[%emt 0:06:51]} 20. Bf1 {[%emt 0:00:33]} Bc6 {[%emt 0:09:00]} 21. a4 {[%emt 0:11:20]} Nd7 {[%emt 0:03:32]} 22. Na2 {[%emt 0:01:48]} Qa3 {[%emt 0:00:05]} 23. c5 {[%emt 0:00:43]} d5 {[%emt 0:03:36]} 24. Bc1 {[%emt 0:01:27]} Bd4+ {[%emt 0:00:30]} 25. Kh1 {[%emt 0:00:32]} Qxc5 {[%emt 0:00:22]} 26. Rxc5 {[%emt 0:00:06]} Nxc5 {[%emt 0:00:03]} 27. Be3 {[%emt 0:04:35]} e5 {[%emt 0:00:37]} 28. Bxd4 {[%emt 0:03:56]} exd4 {[%emt 0:00:03]} 29. e5 {[%emt 0:00:04]} d3 {[%emt 0:00:02]} 30. Qd1 {[%emt 0:07:09]} d4 {[%emt 0:00:41]} 31. Bxd3 {[%emt 0:00:37]} Re8 {[%emt 0:00:03]} 32. Bb5 {[%emt 0:00:33]} Bxb5 {[%emt 0:00:54]} 33. axb5 {[%emt 0:00:04]} d3 {[%emt 0:00:29]} 34. Rc1 {[%emt 0:00:51]} Rxe5 {[%emt 0:00:36]} 35. f4 {[%emt 0:04:22]} Rd5 {[%emt 0:00:14]} 36. Rc4 {[%emt 0:00:11]} d2 {[%emt 0:01:41]} 37. Nc3 {[%emt 0:03:33]} Re8 {[%emt 0:00:49]} 38. Kg2 {[%emt 0:00:06]} Re1 {[%emt 0:01:13]} 39. Rxc5 {[%emt 0:00:10]} Rxd1 {[%emt 0:00:16]} 40. Rc8+ {[%emt 0:00:04]} Kg7 {[%emt 0:00:02]} 41. Nxd1 {[%emt 0:00:03]} Rxb5 {[%emt 0:00:14]} 42. Kf2 {[%emt 0:00:10]} Rxb3 {[%emt 0:00:11]} 43. Ke2 {[%emt 0:00:38]} h5 {[%emt 0:01:06]} 44. Rc3 {[%emt 0:05:05]} Rxc3 {[%emt 0:02:48]} 45. Nxc3 {[%emt 0:00:04]} Kf6 {[%emt 0:00:05]} 46. Ne4+ {[%emt 0:03:01]} Ke6 {[%emt 0:00:04]} 47. Kxd2 {[%emt 0:00:37]} Kd5 {[%emt 0:02:16]} 48. Kd3 {[%emt 0:01:15]} b5 {[%emt 0:00:06]} 49. Ng5 {[%emt 0:00:57]} f6 {[%emt 0:00:44]} 50. Ne4 {[%emt 0:00:03]} Ke6 {[%emt 0:00:56]} 51. Kd4 {[%emt 0:00:47]} a4 {[%emt 0:00:39]} 52. h3 {[%emt 0:00:47]} a3 {[%emt 0:00:36]} 53. g4 {[%emt 0:00:36]} hxg4 {[%emt 0:00:10]} 54. hxg4 {[%emt 0:00:03]} a2 {[%emt 0:00:55]} 55. Nc5+ {[%emt 0:00:04]} Kd6 {[%emt 0:00:14]} 56. Nb3 {[%emt 0:00:05]} g5 {[%emt 0:00:44]} 57. f5 {[%emt 0:00:34]} Kc6 {[%emt 0:00:19]} 58. Na1 {[%emt 0:00:07]} Kd6 {[%emt 0:00:18]} 59. Nc2 {[%emt 0:00:05]} b4 {[%emt 0:00:38]} 60. Na1 {[%emt 0:01:16]} Kc6 {[%emt 0:00:08]} 61. Nb3 {[%emt 0:00:05]} Kd6 {[%emt 0:00:49]} 62. Na1 {[%emt 0:01:13]} Kc6 {[%emt 0:00:05]} 63. Nb3 {[%emt 0:00:56]} Kd6 {[%emt 0:00:32]} 64. Na1 {[%emt 0:00:44] Ke5+ Ke4+} 1/2-1/2

[Event "26th Abu Dhabi Master 2019"]
[Site "Abu Dhabi"]
[Date "2019.08.08"]
[Round "7.7"]
[White "Aleksandrov, Aleksej"]
[Black "Zubov, Alexander"]
[Result "1/2-1/2"]
[WhiteElo "2571"]
[BlackElo "2601"]
[Annotator "ChessBase"]
[PlyCount "25"]
[EventDate "2019.08.02"]
[EventType "swiss"]
[EventCountry "UAE"]
[SourceTitle "playchess.com"]
[Source "ChessBase"]
[SourceQuality "1"]
[TimeControl "5400+30"]

1. d4 {[%emt 0:00:00]} Nf6 {[%emt 0:00:00]} 2. c4 {[%emt 0:00:00]} e6 {[%emt 0:00:00]} 3. Nc3 {[%emt 0:00:00]} Bb4 {[%emt 0:00:00]} 4. e3 {[%emt 0:00:00]} O-O {[%emt 0:00:13]} 5. Bd3 {[%emt 0:00:00]} c5 {[%emt 0:01:14]} 6. Nf3 {[%emt 0:00:05]} d5 {[%emt 0:00:25]} 7. O-O {[%emt 0:00:07]} dxc4 {[%emt 0:00:49]} 8. Bxc4 {[%emt 0:00:06]} Nc6 {[%emt 0:00:29]} 9. a3 {[%emt 0:02:04]} Ba5 {[%emt 0:00:05]} 10. h3 {[%emt 0:01:53]} h6 {[%emt 0:01:00]} 11. d5 {[%emt 0:03:35]} exd5 {[%emt 0:01:18]} 12. Nxd5 {[%emt 0:00:13]} Be6 {[%emt 0:17:00]} 13. Nxf6+ {[%emt 0:01:21]} 1/2-1/2

[Event "26th Abu Dhabi Master 2019"]
[Site "Abu Dhabi"]
[Date "2019.08.08"]
[Round "7.8"]
[White "Aryan Chopra"]
[Black "Antipov, Mikhail Al."]
[Result "0-1"]
[WhiteElo "2553"]
[BlackElo "2582"]
[Annotator "ChessBase"]
[PlyCount "60"]
[EventDate "2019.08.02"]
[EventType "swiss"]
[EventCountry "UAE"]
[SourceTitle "playchess.com"]
[Source "ChessBase"]
[SourceQuality "1"]
[TimeControl "5400+30"]

1. e4 {[%emt 0:00:00]} c5 {[%emt 0:00:00]} 2. Nf3 {[%emt 0:00:00]} d6 {[%emt 0:00:00]} 3. d4 {[%emt 0:00:00]} cxd4 {[%emt 0:00:00]} 4. Nxd4 {[%emt 0:00:00]} Nf6 {[%emt 0:00:00]} 5. Nc3 {[%emt 0:00:00]} a6 {[%emt 0:00:03]} 6. h4 {[%emt 0:00:07]} e5 {[%emt 0:01:11]} 7. Nb3 {[%emt 0:00:04]} Be7 {[%emt 0:00:25]} 8. Be2 {[%emt 0:00:08]} h6 {[%emt 0:05:43]} 9. Be3 {[%emt 0:06:30]} Be6 {[%emt 0:09:44]} 10. Nd5 {[%emt 0:01:41]} Nxd5 {[%emt 0:02:45]} 11. exd5 {[%emt 0:00:05]} Bf5 {[%emt 0:00:06]} 12. g4 {[%emt 0:14:55]} Be4 {[%emt 0:15:17]} 13. Bf3 {[%emt 0:09:15]} Bh7 {[%emt 0:00:29]} 14. Qd2 {[%emt 0:10:27]} Nd7 {[%emt 0:00:44]} 15. Na5 {[%emt 0:03:34]} Qc7 {[%emt 0:15:52]} 16. Rc1 {[%emt 0:05:00]} e4 {[%emt 0:03:02]} 17. Be2 {[%emt 0:01:02]} Ne5 {[%emt 0:00:08]} 18. Qb4 {[%emt 0:06:08]} O-O {[%emt 0:01:35]} 19. Nc4 {[%emt 0:13:08]} Nf3+ {[%emt 0:06:29]} 20. Bxf3 {[%emt 0:02:38]} exf3 {[%emt 0:00:03]} 21. g5 {[%emt 0:06:56]} h5 {[%emt 0:02:06]} 22. Nd2 {[%emt 0:07:01]} Rae8 {[%emt 0:00:28]} 23. Rg1 {[%emt 0:02:27]} Bd8 {[%emt 0:04:27]} 24. Kd1 {[%emt 0:00:48]} Qd7 {[%emt 0:04:51]} 25. Qd4 {[%emt 0:07:02]} Bf5 {[%emt 0:04:13]} 26. b3 {[%emt 0:00:40]} Bg4 {[%emt 0:01:58]} 27. Ne4 {[%emt 0:01:17]} Re5 {[%emt 0:12:40]} 28. Kd2 {[%emt 0:02:06]} Ba5+ {[%emt 0:01:39]} 29. c3 {[%emt 0:00:54]} Qb5 {[%emt 0:00:41]} 30. Nxd6 {[%emt 0:00:29]} Qe2# {[%emt 0:00:06]} 0-1

[Event "26th Abu Dhabi Master 2019"]
[Site "Abu Dhabi"]
[Date "2019.08.08"]
[Round "7.9"]
[White "Santos Latasa, Jaime"]
[Black "Kryvoruchko, Yuriy"]
[Result "1/2-1/2"]
[WhiteElo "2594"]
[BlackElo "2691"]
[Annotator "TA"]
[PlyCount "43"]
[EventDate "2019.08.02"]
[EventType "swiss"]
[EventCountry "UAE"]
[SourceTitle "playchess.com"]
[Source "ChessBase"]
[SourceQuality "1"]

{[%evp 13,42,0,0,0,0,0,2,0,0,0,0,0,0,0,0,0,0,0,0,0,0,0,0,0,0,0,0,0,0,0,-409]} 1. d4 Nf6 2. c4 e6 3. Nc3 Bb4 4. Qc2 O-O 5. e4 d5 6. e5 Ne4 7. Bd3 c5 {The position is equal.} 8. Nge2 {E32: Nimzo-Indian: Classical (4 Qc2): 4...0-0} cxd4 9. Nxd4 Nd7 10. Bf4 Qh4 11. g3 Qh5 12. O-O Bxc3 13. bxc3 g5 $1 {[%cal Rg5f4]} 14. Be2 $2 {[%mdl 8192] [#]} (14. cxd5 $11 {and White is okay.} exd5 15. Bxe4 dxe4 16. e6 gxf4 17. exd7 Bxd7 18. Qxe4 {[%mdl 64] Double Attack}) 14... Qh3 $19 15. Bc1 Nxe5 16. cxd5 exd5 17. f3 {[#]} Nxg3 $1 {[%mdl 512]} 18. hxg3 Qxg3+ 19. Kh1 Qh4+ 20. Kg1 {Rf2 is the strong threat.} Qg3+ 21. Kh1 Qh3+ {[%mdl 32768] [#] Accuracy: White = 100%, Black = 96%. . An unexpected result.} {Predecessor:} 22. Kg1 $146 1/2-1/2

[Event "26th Abu Dhabi Master 2019"]
[Site "Abu Dhabi"]
[Date "2019.08.08"]
[Round "7.10"]
[White "Paichadze, Luka"]
[Black "Volokitin, Andrei"]
[Result "1/2-1/2"]
[WhiteElo "2567"]
[BlackElo "2636"]
[Annotator "ChessBase"]
[PlyCount "116"]
[EventDate "2019.08.02"]
[EventType "swiss"]
[EventCountry "UAE"]
[SourceTitle "playchess.com"]
[Source "ChessBase"]
[SourceQuality "1"]
[TimeControl "5400+30"]

1. e4 {[%emt 0:00:50]} c5 {[%emt 0:00:00]} 2. c3 {[%emt 0:01:07]} Nf6 {[%emt 0:00:02]} 3. e5 {[%emt 0:00:14]} Nd5 {[%emt 0:00:06]} 4. Nf3 {[%emt 0:00:53]} Nc6 {[%emt 0:00:19]} 5. Bc4 {[%emt 0:02:21]} Nb6 {[%emt 0:00:19]} 6. Bb3 {[%emt 0:00:04]} d6 {[%emt 0:00:45]} 7. exd6 {[%emt 0:00:20]} Qxd6 {[%emt 0:00:58]} 8. Na3 {[%emt 0:00:50]} a6 {[%emt 0:11:49]} 9. O-O {[%emt 0:00:43]} Bf5 {[%emt 0:11:32]} 10. Bxf7+ {[%emt 0:00:34]} Kxf7 {[%emt 0:00:08]} 11. Qb3+ {[%emt 0:00:05]} Nd5 {[%emt 0:01:39]} 12. Nc4 {[%emt 0:00:20]} Qd8 {[%emt 0:02:58]} 13. Qxb7 {[%emt 0:00:30]} Rc8 {[%emt 0:04:03]} 14. d4 {[%emt 0:00:24]} Kg8 {[%emt 0:35:25]} 15. Rd1 {[%emt 0:07:19]} e6 {[%emt 0:08:41]} 16. dxc5 {[%emt 0:13:42]} Bxc5 {[%emt 0:01:42]} 17. Be3 {[%emt 0:10:23]} Bxe3 {[%emt 0:04:13]} 18. fxe3 {[%emt 0:04:03]} Qc7 {[%emt 0:02:12]} 19. Qxa6 {[%emt 0:00:28]} Nb8 {[%emt 0:00:34]} 20. Qa3 {[%emt 0:01:48]} Qxc4 {[%emt 0:00:10]} 21. Rd4 {[%emt 0:00:10]} Qa6 {[%emt 0:06:05]} 22. Qxa6 {[%emt 0:01:41]} Nxa6 {[%emt 0:00:01]} 23. e4 {[%emt 0:00:08]} Nf4 {[%emt 0:00:04]} 24. Rd6 {[%emt 0:00:34]} Bxe4 {[%emt 0:00:06]} 25. Rxa6 {[%emt 0:00:04]} Bxf3 {[%emt 0:00:07]} 26. gxf3 {[%emt 0:00:03]} Kf7 {[%emt 0:00:20]} 27. Rd1 {[%emt 0:01:08]} Rhd8 {[%emt 0:00:58]} 28. Ra7+ {[%emt 0:00:28]} Kf6 {[%emt 0:00:06]} 29. Rad7 {[%emt 0:00:29]} Rxd7 {[%emt 0:00:42]} 30. Rxd7 {[%emt 0:00:05]} Rc5 {[%emt 0:01:58]} 31. Kf1 {[%emt 0:01:22]} Rd5 {[%emt 0:02:20]} 32. Rxd5 {[%emt 0:01:30]} exd5 {[%emt 0:00:01]} 33. a4 Ke5 {[%emt 0:00:09]} 34. b4 {[%emt 0:01:39]} d4 {[%emt 0:03:12]} 35. cxd4+ {[%emt 0:02:24]} Kxd4 {[%emt 0:00:01]} 36. a5 {[%emt 0:00:11]} Kc4 {[%emt 0:01:08]} 37. a6 {[%emt 0:00:47]} Nd5 {[%emt 0:00:03]} 38. a7 {[%emt 0:00:09]} Nc7 {[%emt 0:00:04]} 39. Kf2 {[%emt 0:01:12]} Kxb4 {[%emt 0:00:06]} 40. Ke3 {[%emt 0:00:18]} Kc5 {[%emt 0:00:06]} 41. Kf4 {[%emt 0:00:05]} Kb6 {[%emt 0:00:10]} 42. Ke5 {[%emt 0:00:58]} Kxa7 {[%emt 0:00:04]} 43. Kd6 {[%emt 0:09:03]} Nb5+ {[%emt 0:05:18]} 44. Ke7 {[%emt 0:00:12]} Nd4 {[%emt 0:00:09]} 45. f4 {[%emt 0:00:04]} Kb6 {[%emt 0:01:04]} 46. Kf7 {[%emt 0:00:19]} Nf5 {[%emt 0:00:22]} 47. Kg8 {[%emt 0:00:05]} Kc5 {[%emt 0:00:37]} 48. Kxh7 {[%emt 0:00:15]} Kd4 {[%emt 0:00:13]} 49. Kg6 {[%emt 0:00:20]} Ke4 {[%emt 0:00:05]} 50. Kg5 {[%emt 0:00:08]} Nd4 {[%emt 0:00:47]} 51. h4 {[%emt 0:03:42]} Nf5 {[%emt 0:00:57]} 52. h5 {[%emt 0:00:10]} Nh6 {[%emt 0:00:13]} 53. Kg6 {[%emt 0:00:09]} Nf5 {[%emt 0:00:01]} 54. Kg5 {[%emt 0:00:07]} Nd6 {[%emt 0:00:39]} 55. Kg6 {[%emt 0:00:09]} Nf5 {[%emt 0:00:06]} 56. Kg5 {[%emt 0:00:04]} Ne7 {[%emt 0:00:15]} 57. h6 {[%emt 0:00:12]} gxh6+ {[%emt 0:00:03]} 58. Kxh6 {[%emt 0:00:06]} Kxf4 {[%emt 0:00:03]} 1/2-1/2

[Event "26th Abu Dhabi Master 2019"]
[Site "Abu Dhabi"]
[Date "2019.08.08"]
[Round "7.11"]
[White "Istratescu, Andrei"]
[Black "Ter-Sahakyan, Samvel"]
[Result "0-1"]
[WhiteElo "2555"]
[BlackElo "2625"]
[Annotator "ChessBase"]
[PlyCount "66"]
[EventDate "2019.08.02"]
[EventType "swiss"]
[EventCountry "UAE"]
[SourceTitle "playchess.com"]
[Source "ChessBase"]
[SourceQuality "1"]
[TimeControl "5400+30"]

1. e4 {[%emt 0:00:32]} c5 {[%emt 0:01:08]} 2. Nf3 {[%emt 0:00:50]} d6 {[%emt 0:00:10]} 3. d4 {[%emt 0:00:49]} cxd4 {[%emt 0:00:05]} 4. Nxd4 {[%emt 0:00:03]} Nf6 {[%emt 0:00:06]} 5. Nc3 {[%emt 0:00:02]} a6 {[%emt 0:00:11]} 6. Be3 {[%emt 0:00:12]} e5 {[%emt 0:01:26]} 7. Nb3 {[%emt 0:00:14]} Be6 {[%emt 0:00:09]} 8. Qd2 {[%emt 0:03:35]} Nbd7 {[%emt 0:01:22]} 9. O-O-O {[%emt 0:02:33]} Rc8 {[%emt 0:03:01]} 10. f4 {[%emt 0:03:40]} h5 {[%emt 0:00:31]} 11. Kb1 {[%emt 0:14:54]} Be7 {[%emt 0:00:50]} 12. f5 {[%emt 0:04:07]} Bc4 {[%emt 0:00:23]} 13. Bxc4 {[%emt 0:00:07]} Rxc4 {[%emt 0:00:05]} 14. Qd3 {[%emt 0:00:06]} b5 {[%emt 0:21:04]} 15. Nd2 {[%emt 0:07:54]} Rc8 {[%emt 0:05:05]} 16. Bg5 {[%emt 0:03:13]} Ng4 {[%emt 0:22:14]} 17. Bxe7 {[%emt 0:01:13]} Qxe7 {[%emt 0:02:16]} 18. Nd5 {[%emt 0:00:05]} Qd8 {[%emt 0:00:04]} 19. Qa3 {[%emt 0:01:33]} a5 {[%emt 0:16:15]} 20. Qf3 {[%emt 0:13:05]} Ngf6 {[%emt 0:01:58]} 21. Nf1 {[%emt 0:00:44]} Nb6 {[%emt 0:10:06]} 22. Nxf6+ {[%emt 0:02:21]} gxf6 {[%emt 0:00:27]} 23. Ne3 {[%emt 0:00:48]} Ke7 {[%emt 0:00:50]} 24. h4 {[%emt 0:03:20]} Rc5 {[%emt 0:01:24]} 25. Rd3 {[%emt 0:01:48]} Qc7 {[%emt 0:00:33]} 26. Rhd1 {[%emt 0:03:03]} Rc6 {[%emt 0:03:52]} 27. Qe2 {[%emt 0:00:50]} b4 {[%emt 0:00:38]} 28. Rd5 {[%emt 0:00:35]} Ra8 {[%emt 0:03:41]} 29. Qxh5 {[%emt 0:03:11]} b3 {[%emt 0:00:03]} 30. axb3 {[%emt 0:01:54]} a4 {[%emt 0:00:08]} 31. b4 {[%emt 0:00:29]} a3 {[%emt 0:00:34]} 32. b3 {[%emt 0:08:19]} Rxc2 {[%emt 0:00:57]} 33. R5d3 {[%emt 0:01:42]} a2+ {[%emt 0:00:12]} 0-1

[Event "26th Abu Dhabi Master 2019"]
[Site "Abu Dhabi"]
[Date "2019.08.08"]
[Round "7.12"]
[White "Indjic, Aleksandar"]
[Black "Bajarani, Ulvi"]
[Result "1-0"]
[WhiteElo "2604"]
[BlackElo "2485"]
[Annotator "ChessBase"]
[PlyCount "43"]
[EventDate "2019.08.02"]
[EventType "swiss"]
[EventCountry "UAE"]
[SourceTitle "playchess.com"]
[Source "ChessBase"]
[SourceQuality "1"]
[TimeControl "5400+30"]

1. d4 {[%emt 0:03:01]} e6 {[%emt 0:00:00]} 2. Nf3 {[%emt 0:00:52]} Nf6 {[%emt 0:00:00]} 3. c4 {[%emt 0:00:18]} d5 {[%emt 0:00:00]} 4. Nc3 {[%emt 0:00:06]} c6 {[%emt 0:00:00]} 5. Bg5 {[%emt 0:00:16]} h6 {[%emt 0:00:00]} 6. Bxf6 {[%emt 0:00:06]} Qxf6 {[%emt 0:00:04]} 7. Qb3 {[%emt 0:00:07]} a5 {[%emt 0:00:32]} 8. e4 {[%emt 0:00:43]} a4 {[%emt 0:01:54]} 9. Qc2 {[%emt 0:00:06]} dxe4 {[%emt 0:01:25]} 10. Nxe4 {[%emt 0:00:07]} Bb4+ {[%emt 0:00:59]} 11. Ke2 {[%emt 0:05:31]} Qf5 {[%emt 0:00:39]} 12. c5 {[%emt 0:02:23]} O-O {[%emt 0:00:12]} 13. Ke3 {[%emt 0:00:21]} e5 {[%emt 0:07:42]} 14. Nxe5 {[%emt 0:01:07]} Nd7 {[%emt 0:01:01]} 15. g4 {[%emt 0:00:58]} Qe6 {[%emt 0:01:10]} 16. Bc4 {[%emt 0:00:16]} Qe7 {[%emt 0:00:55]} 17. Ng6 {[%emt 0:00:56]} Qe8 {[%emt 0:00:05]} 18. a3 {[%emt 0:10:24]} Ba5 {[%emt 0:01:01]} 19. Kf3 {[%emt 0:00:18]} b6 {[%emt 0:02:58]} 20. g5 {[%emt 0:03:36]} h5 {[%emt 0:02:38]} 21. Nd6 {[%emt 0:04:18]} Qd8 {[%emt 0:00:07]} 22. Qf5 {[%emt 0:01:03]} 1-0

[Event "26th Abu Dhabi Master 2019"]
[Site "Abu Dhabi"]
[Date "2019.08.08"]
[Round "7.13"]
[White "Sengupta, Deep"]
[Black "Yilmaz, Mustafa"]
[Result "1-0"]
[WhiteElo "2558"]
[BlackElo "2618"]
[Annotator "ChessBase"]
[PlyCount "131"]
[EventDate "2019.08.02"]
[EventType "swiss"]
[EventCountry "UAE"]
[SourceTitle "playchess.com"]
[Source "ChessBase"]
[SourceQuality "1"]
[TimeControl "5400+30"]

1. c4 {[%emt 0:00:00]} Nf6 {[%emt 0:00:34]} 2. Nc3 {[%emt 0:00:00]} e5 {[%emt 0:00:21]} 3. Nf3 {[%emt 0:00:00]} Nc6 {[%emt 0:00:07]} 4. e4 {[%emt 0:00:27]} Bb4 {[%emt 0:05:34]} 5. d3 {[%emt 0:00:22]} d6 {[%emt 0:04:18]} 6. a3 {[%emt 0:07:34]} Bxc3+ {[%emt 0:03:51]} 7. bxc3 {[%emt 0:00:01]} Nd7 {[%emt 0:05:50]} 8. Be2 {[%emt 0:11:22]} O-O {[%emt 0:02:41]} 9. O-O {[%emt 0:00:05]} Nc5 {[%emt 0:03:41]} 10. Be3 {[%emt 0:06:55]} f5 {[%emt 0:08:15]} 11. exf5 {[%emt 0:01:18]} Bxf5 {[%emt 0:00:11]} 12. d4 {[%emt 0:04:24]} Ne4 {[%emt 0:00:24]} 13. c5 {[%emt 0:00:35]} Kh8 {[%emt 0:09:06]} 14. Qc1 {[%emt 0:11:40]} Qf6 {[%emt 0:02:24]} 15. dxe5 {[%emt 0:10:04]} dxe5 {[%emt 0:01:03]} 16. Qb2 {[%emt 0:18:12]} b6 {[%emt 0:02:35]} 17. cxb6 {[%emt 0:02:39]} axb6 {[%emt 0:00:10]} 18. c4 {[%emt 0:00:30]} Ra5 {[%emt 0:09:21]} 19. Rfd1 {[%emt 0:00:06]} Rfa8 {[%emt 0:01:06]} 20. Rd5 {[%emt 0:00:49]} Be6 {[%emt 0:06:58]} 21. Rb5 {[%emt 0:00:14]} h6 {[%emt 0:04:34]} 22. h3 {[%emt 0:07:45]} Nd6 {[%emt 0:05:03]} 23. Rxa5 {[%emt 0:00:06]} Rxa5 {[%emt 0:00:04]} 24. Rc1 {[%emt 0:00:29]} Nf5 {[%emt 0:06:09]} 25. c5 {[%emt 0:01:19]} bxc5 {[%emt 0:04:51]} 26. Bxc5 {[%emt 0:02:34]} Bd5 {[%emt 0:03:24]} 27. Qd2 {[%emt 0:00:49]} Qe6 {[%emt 0:00:43]} 28. Nh2 {[%emt 0:10:12]} Ncd4 {[%emt 0:02:43]} 29. Bd1 {[%emt 0:02:16]} Ra8 {[%emt 0:00:30]} 30. Ng4 {[%emt 0:00:30]} Rd8 {[%emt 0:06:23]} 31. Qe1 {[%emt 0:00:47]} Re8 {[%emt 0:01:04]} 32. Rc3 {[%emt 0:01:20]} Qg6 {[%emt 0:00:32]} 33. f3 {[%emt 0:00:29]} e4 {[%emt 0:00:36]} 34. f4 Ne6 {[%emt 0:01:12]} 35. Be3 {[%emt 0:01:01]} Nxe3 {[%emt 0:00:22]} 36. Qxe3 {[%emt 0:00:15]} Qf5 {[%emt 0:00:40]} 37. Ne5 {[%emt 0:00:37]} Nxf4 {[%emt 0:00:31]} 38. Qxf4 {[%emt 0:00:07]} Qxe5 {[%emt 0:00:30]} 39. Qxe5 {[%emt 0:00:16]} Rxe5 {[%emt 0:00:02]} 40. Rxc7 {[%emt 0:00:06]} Re8 {[%emt 0:00:49]} 41. Bh5 {[%emt 0:01:25]} Ra8 {[%emt 0:00:36]} 42. Bg6 {[%emt 0:00:10]} Kg8 {[%emt 0:00:14]} 43. a4 {[%emt 0:00:49]} Kf8 {[%emt 0:00:09]} 44. Rc5 {[%emt 0:00:18]} Bb7 {[%emt 0:00:58]} 45. Re5 {[%emt 0:00:16]} Bc6 {[%emt 0:00:27]} 46. Bxe4 {[%emt 0:01:01]} Bxe4 {[%emt 0:00:31]} 47. Rxe4 {[%emt 0:00:01]} Kf7 {[%emt 0:00:12]} 48. Kf2 {[%emt 0:00:11]} Kf6 {[%emt 0:00:08]} 49. Ke3 {[%emt 0:00:04]} Kf5 {[%emt 0:00:32]} 50. Rb4 {[%emt 0:00:12]} Ke5 {[%emt 0:00:10]} 51. h4 {[%emt 0:00:41]} g6 {[%emt 0:01:27]} 52. Rb5+ {[%emt 0:00:13]} Ke6 {[%emt 0:00:24]} 53. a5 {[%emt 0:00:05]} h5 {[%emt 0:00:12]} 54. Kf4 {[%emt 0:00:27]} Rc8 {[%emt 0:00:32]} 55. Kg5 {[%emt 0:01:19]} Rc2 {[%emt 0:00:30]} 56. Kxg6 {[%emt 0:00:21]} Rxg2+ {[%emt 0:00:05]} 57. Kxh5 {[%emt 0:00:04]} Kf6 {[%emt 0:00:27]} 58. a6 {[%emt 0:01:08]} Ra2 {[%emt 0:00:06]} 59. Rb6+ {[%emt 0:00:03]} Kf5 {[%emt 0:00:44]} 60. Kh6 {[%emt 0:00:05]} Kg4 {[%emt 0:00:08]} 61. h5 {[%emt 0:00:32]} Ra5 {[%emt 0:00:05]} 62. Kg6 {[%emt 0:00:13]} Rg5+ {[%emt 0:00:07]} 63. Kf6 {[%emt 0:00:05]} Rxh5 {[%emt 0:00:04]} 64. Rb4+ {[%emt 0:00:13]} Kf3 {[%emt 0:00:08]} 65. Ra4 {[%emt 0:00:07]} Rh6+ {[%emt 0:00:45]} 66. Kg7 {[%emt 0:00:13]} 1-0